| 000 | 00973nam a2200205Ia 4500 | ||
|---|---|---|---|
| 001 | 13127 | ||
| 003 | GE_BSU | ||
| 008 | 181216s||||||||xx |||||||||||||| ||und|| | ||
| 040 | _cGE_BSU | ||
| 100 | _aВильямс,В.Р. | ||
| 245 | _aСобрание сочинении в двенадцати томах.т.11. Общественно-политические статьи:по вопросам биологии и сельскохозяйственного производства | ||
| 245 | _cРед.кол.В.П.Бушинский. Ред.Л.М.Берцинская | ||
| 260 | _aМосква | ||
| 260 | _bГосиздат сель.-хоз.лит-ры | ||
| 260 | _c1953 | ||
| 300 | _a306стр.27см.фото | ||
| 653 | _aОбщественно-политические статьи:по вопросам биологии и сельскохозяйственного производства | ||
| 653 | _aСобрание сочинении | ||
| 942 | _cBK | ||
| 999 |
_c46291 _d46291 |
||